| 000 | 01272nam a22002177a 4500 | ||
|---|---|---|---|
| 999 |
_c63002 _d63002 |
||
| 003 | Ge_BSU | ||
| 005 | 20250429115900.0 | ||
| 008 | 250429s2007 ge ||||| |||| 00| 0 geo d | ||
| 020 | _a9789941000263 | ||
| 041 | _ageo | ||
| 080 | _a502(072) გ-95 | ||
| 100 |
_aგუნია, ნია _924964 |
||
| 245 |
_aბუნება : _bმასწავლებლის სარეკომენ. წიგნი მე-2 კლასი / _c ნია გუნია, მარიამ ფირანიშვილი, ნათელა ძანაშვილი-ყანჩაშვილი ; [რედ. ნაირა მამუკელაშვილი-სიმონიშვილი]. |
||
| 264 |
_aთბ. : _bზენა, _c 2007. |
||
| 300 |
_a100 გვ. : _bილ. ; _c28 სმ. |
||
| 653 | _aბუნებისმცოდნეობა | ||
| 700 |
_aფირანიშვილი, მარიამ _eავტორი _924965 |
||
| 700 |
_aძანაშვილი-ყანჩაშვილი, ნათელა _e ავტორი _924966 |
||
| 700 |
_aმამუკელაშვილი-სიმონიშვილი, ნაირა _eრედაქტორი _924967 |
||
| 942 |
_2udc _cᲬᲘᲒᲜᲘ |
||